000 00482nam a22001817a 4500
005 20260319130936.0
008 260319b |||||||| |||| 00| 0 eng d
037 _cDSWL
040 _aDSWL
_cDSWL
041 _heng
245 _aSage visual methods
250 _aV1
260 _aLos Angeles,
_bSage Publication,
_c2012
300 _a378p
365 _aINR
_b7267
942 _2CC
_cTEXL
_n0
999 _c1715770
_d1715770